| 000 | 00635nam a2200205Ia 4500 | ||
|---|---|---|---|
| 008 | 220216s9999 xx 000 0 und d | ||
| 100 | _aAkinlabi A K | ||
| 245 | 0 | _aStudies on the processing and vulcanizate properties of modified natural rubber blends using different mixing schemes | |
| 260 |
_bJournal of Polymer Materials _c2005 |
||
| 300 | _a227-234 | ||
| 650 | _aEpoxidized low molecular weight natural rubber | ||
| 650 | _aMixing | ||
| 650 | _aNatural rubber | ||
| 650 | _aPhysico-mechanical properties | ||
| 650 | _aRheological | ||
| 700 | _aDosu M | ||
| 700 | _aEgharevba F | ||
| 700 | _aOkiemen F E | ||
| 942 | _cJS | ||
| 999 |
_c69723 _d69723 |
||